Statistics for US State Capitals Nearest Their State Line

Click here to take the quiz!

General Stats

  • This quiz has been taken 263 times
    (225 since last reset)
  • The average score is 10 of 16

Answer Stats

milescapitalkm% Correct
4Providence6
78%
12Dover20
72%
0.3Trenton0.5
71%
26Boston42
66%
30Concord48
66%
19Hartford30
66%
22Albany36
65%
23Annapolis37
63%
13Carson City22
62%
17Tallahassee27
58%
25Montpelier41
57%
10Cheyenne16
52%
38Baton Rouge61
47%
33Nashville54
44%
16St Paul26
44%
33Juneau54
40%

Score Distribution

Percentile by Number Answered

Percent of People with Each Score

Your Score History

You have not taken this quiz since the last reset